• 首页
  • 本馆介绍
  • 公告通知
  • 最新文献
  • 馆藏检索
  • 电子资源
  • 读者导购
  • 参考咨询
  • 我的图书馆
  • 登录
  • 详细信息显示
  • 放入我的书架
  • 预约/预借图书
  • 作者相关作品
  • 分类相关作品
  • 丛书相关作品
  • 出版社相关作品

书目信息

  • 表格格式
  • 工作单格式
  • 卡片格式
题名:
幼儿园课程与教学问答50例
    
 
作者: 吴振东 著
分册:  
出版信息: 上海   复旦大学出版社  2019.04
页数: 194页
开本: 24cm
丛书名:
单 册:
中图分类: G612
科图分类:
主题词: 学前教育--教学研究
电子资源:
ISBN: 978-7-309-14216-7
000 01584nam0 2200253 450
001 0103152657
005 20201103152732.0
010    @a978-7-309-14216-7@dCNY45.00
100    @a20190612d2019 em y0chiy50 ea
101 0  @achi
102    @aCN@b310000
105    @ay z 000yy
106    @ar
200 1  @a幼儿园课程与教学问答50例@Ayou er yuan ke cheng yu jiao xue wen da 50 li@d50 questions and answers about kindergarten curriculum and teaching@f吴振东著@zeng
210    @a上海@c复旦大学出版社@d2019.04
215    @a194页@d24cm
314    @a吴振东,教授,兼职硕导,中小学校长国家级培训专家库首批人选(理论专家)。
330    @a本书通过收集整理出幼儿园在落实《指南》精神、推进课程建设过程中遇到的50个带有普遍性的真实问题,并将这50个问题依内容相关度分为“指南解读与课程规划”“环境创设与区域活动”“单元主题与领域活动”和“教师教学与课题研究”等四个专辑。通过采用问答的形式进行有针对性的一一解答,在解答过程中力求体现如下三大特点:一是通俗,力求将问题回答所运用的专业理论知识,以幼儿教师“看得懂、懂得用”的阅读方式加以呈现。二是简洁,即尽量将所要回答的内容进行概括,并提炼成幼儿园教师便于理解与记忆的短语,如“在幼儿园环境创设时:可以看到幼儿参与的身影,可以看到幼儿走过的足迹”。三是灵活,由于问题本身所蕴含的信息量不尽相同,在问题回答过程中,以能将问题说清楚到听明白为准,因而,各问题回答的篇幅上长短不一,具有较大的灵活性。
510 1  @a50 questions and answers about kindergarten curriculum and teaching@zeng
606 0  @a学前教育@x教学研究
690    @aG612@v5
701  0 @a吴振东@Awu zhen dong@4著
801  0 @aCN@bBJSZM@c20201103
905    @b1257401-5@dG612@e1090@f5
    
    幼儿园课程与教学问答50例=50 questions and answers about kindergarten curriculum and teaching/吴振东著.-上海:复旦大学出版社,2019.04
    194页;24cm
    
    
    ISBN 978-7-309-14216-7:CNY45.00
    本书通过收集整理出幼儿园在落实《指南》精神、推进课程建设过程中遇到的50个带有普遍性的真实问题,并将这50个问题依内容相关度分为“指南解读与课程规划”“环境创设与区域活动”“单元主题与领域活动”和“教师教学与课题研究”等四个专辑。通过采用问答的形式进行有针对性的一一解答,在解答过程中力求体现如下三大特点:一是通俗,力求将问题回答所运用的专业理论知识,以幼儿教师“看得懂、懂得用”的阅读方式加以呈现。二是简洁,即尽量将所要回答的内容进行概括,并提炼成幼儿园教师便于理解与记忆的短语,如“在幼儿园环境创设时:可以看到幼儿参与的身影,可以看到幼儿走过的足迹”。三是灵活,由于问题本身所蕴含的信息量不尽相同,在问题回答过程中,以能将问题说清楚到听明白为准,因而,各问题回答的篇幅上长短不一,具有较大的灵活性。
●
相关链接 在E读中查询图书 在五车中查询图书 在当当中查询图书 在豆瓣中查询图书


正题名:幼儿园课程与教学问答50例     索取号:G612/1090         预约/预借

序号 登录号 条形码 馆藏地/架位号 状态 备注
1 1257401   212574016   第一样本阅览室/ [索取号:G612/1090] 在馆    
2 1257402   212574025   教育系资料室/ [索取号:G612/1090] 在馆    
3 1257403   212574034   教育系资料室/ [索取号:G612/1090] 在馆    
4 1257404   212574043   第四借阅区/ [索取号:G612/1090] 在馆    
5 1257405   212574052   第四借阅区/ [索取号:G612/1090] 在馆    
唐山师范学院图书馆 欢迎您!
大连网信软件有限公司© 版权所有